00401nam a2200145 a 4500008004100000020001500041050001400056100002100070245004700091260004600138300002100184350000900205650001900214650002200233120416s1984 ||||||||||||||||| || u a0130393223 aT 385 Art aArtwick, Bruce A10aApplied concepts in microcomputer graphics aEnglewood Cliffs:bFT Prentice-Hallc1984 aix, 374p. : ill. a0.00 aMICROCOMPUTERS 0aCOMPUTER GRAPHICS